Handbook of Entrepreneurship Research An Interdisciplinary Survey and Introduction /

Since its original publication in 2003, the Handbook of Entrepreneurship Research has served as the definitive resource in the field, bringing together contributions from leading scholars in such disciplines as management, finance, economics, policy, sociology, and psychology to present a holistic,...

Full description

Bibliographic Details
Corporate Author: SpringerLink (Online service)
Other Authors: Acs, Zoltan J. (Editor), Audretsch, David B. (Editor)
Format: Electronic eBook
Language:English
Published: New York, NY : Springer New York : Imprint: Springer, 2010.
Series:International Handbook Series on Entrepreneurship ; 5
Subjects:
Online Access:Full Text via HEAL-Link
LEADER 04852nam a22004935i 4500
001 978-1-4419-1191-9
003 DE-He213
005 20151204165936.0
007 cr nn 008mamaa
008 130531s2010 xxu| s |||| 0|eng d
020 |a 9781441911919  |9 978-1-4419-1191-9 
024 7 |a 10.1007/978-1-4419-1191-9  |2 doi 
040 |d GrThAP 
050 4 |a HB615 
072 7 |a KJH  |2 bicssc 
072 7 |a BUS025000  |2 bisacsh 
082 0 4 |a 658.421  |2 23 
245 1 0 |a Handbook of Entrepreneurship Research  |h [electronic resource] :  |b An Interdisciplinary Survey and Introduction /  |c edited by Zoltan J. Acs, David B. Audretsch. 
264 1 |a New York, NY :  |b Springer New York :  |b Imprint: Springer,  |c 2010. 
300 |a XXIII, 678 p. 22 illus.  |b online resource. 
336 |a text  |b txt  |2 rdacontent 
337 |a computer  |b c  |2 rdamedia 
338 |a online resource  |b cr  |2 rdacarrier 
347 |a text file  |b PDF  |2 rda 
490 1 |a International Handbook Series on Entrepreneurship ;  |v 5 
505 0 |a Opportunity -- to the 2nd Edition of the Handbook of Entrepreneurship Research -- Opportunity -- Debates in Entrepreneurship: Opportunity Formation and Implications for the Field of Entrepreneurship -- An Update to the Individual-Opportunity Nexus -- Three Views of Entrepreneurial Opportunity -- The Emergence of New Ventures -- Entrepreneurial Behavior: Firm Organizing Processes -- Corporate Entrepreneurship: An Introduction and Research Review -- High-Impact Entrepreneurship -- Equity Financing -- The Market Context -- Market Processes and Entrepreneurial Studies -- Entrepreneurship, Business Culture and the Theory of the Firm -- Knowledge Spillover Entrepreneurship -- Risk and Uncertainty -- The Social Context -- Looking Forward, Looking Backward: From Entrepreneurial Cognition to Neuroentrepreneurship -- The Social Psychology of Entrepreneurial Behavior -- Entrepreneurship as Social Construction: A Multilevel Evolutionary Approach -- The Global Context -- International Business, Entrepreneurship and the Global Economy -- The Globalization of Innovation and Entrepreneurial Talent -- Entrepreneurship in Developing Countries -- The Entrepreneurial Society -- The Geography of Entrepreneurship -- The Impact of Entrepreneurship on Economic Growth -- Entrepreneurship and Public Policy -- Connecting the Study of Entrepreneurship and Theories of Capitalist Progress: An Epilog. 
520 |a Since its original publication in 2003, the Handbook of Entrepreneurship Research has served as the definitive resource in the field, bringing together contributions from leading scholars in such disciplines as management, finance, economics, policy, sociology, and psychology to present a holistic, multi-dimensional approach. This new edition, fully revised and updated, and including several new chapters, covers all of the primary topics in entrepreneurship, including entrepreneurial behavior, risk and opportunity recognition, equity financing, business culture and strategy, innovation, and the impact of entrepreneurship on economic growth and development. Featuring an integrative introduction, extensive literature reviews and reference lists, the Handbook will continue to serve as a roadmap to the continually evolving and dynamic field of entrepreneurship. “The Handbook of Entrepreneurship Research provides doctoral students with a broad yet solid introduction to the field, and established scholars with an overview that is otherwise very hard to obtain. It is a must read for every academic who is serious about entrepreneurship.” Per Davidsson, The Jönköping International Business School "Acs and Audretsch have assembled a virtual who's who list of researchers in the fledgling field of entrepreneurship. Even more usefully, the Handbook also includes reviews of the vast array of work closely related to entrepreneurship that has appeared primarily in economics, psychology and sociology journals; despite their relevance, locating these studies can prove difficult as their authors frequently do not focus on the implications of their research for entrepreneurship.” Olav Sorenson, University of California, Los Angeles. 
650 0 |a Business. 
650 0 |a Entrepreneurship. 
650 0 |a Economic policy. 
650 0 |a Economic growth. 
650 1 4 |a Business and Management. 
650 2 4 |a Entrepreneurship. 
650 2 4 |a Economic Growth. 
650 2 4 |a Economic Policy. 
700 1 |a Acs, Zoltan J.  |e editor. 
700 1 |a Audretsch, David B.  |e editor. 
710 2 |a SpringerLink (Online service) 
773 0 |t Springer eBooks 
776 0 8 |i Printed edition:  |z 9781441911902 
830 0 |a International Handbook Series on Entrepreneurship ;  |v 5 
856 4 0 |u http://dx.doi.org/10.1007/978-1-4419-1191-9  |z Full Text via HEAL-Link 
912 |a ZDB-2-SBE 
950 |a Business and Economics (Springer-11643)